[Event "BIH-chT1A 22nd"]
[Site "Tuzla"]
[Date "2015.10.16"]
[Round "1.2"]
[White "Vajic, Goran"]
[Black "Nurkic, Sahbaz"]
[Result "1/2-1/2"]
[WhiteElo "2335"]
[BlackElo "2372"]
[PlyCount "137"]
[EventDate "2015.10.16"]
[EventType "tourn"]
[EventRounds "9"]
[EventCountry "BIH"]
[SourceTitle "CBM 169 Extra"]
[Source "ChessBase"]
[SourceDate "2015.12.18"]
[SourceVersion "1"]
[SourceVersionDate "2015.12.18"]
[SourceQuality "1"]

1. e4 g6 2. d4 Bg7 3. Nc3 c6 4. Nf3 Nf6 5. e5 Nd5 6. Nxd5 cxd5 7. Bf4 0-0 8. Qd2 Nc6 9. Bd3 d6 10. c3 Bg4 11. exd6 Bxf3 12. gxf3 e5 13. dxe5 Nxe5 14. 0-0-0 Qxd6 15. Be4 Rad8 16. Bxd5 Nd3+ 17. Qxd3 Qxf4+ 18. Kb1 Rfe8 19. Rhe1 Rxe1 20. Rxe1 Bf6 21. h3 Kg7 22. Rd1 b6 23. Kc2 Qh4 24. Qf1 h5 25. Rd3 b5 26. Be4 Rxd3 27. Qxd3 Qxf2+ 28. Kb3 b4 29. Qc2 Qf1 30. cxb4 Qxh3 31. Bd5 Qf1 32. Qc4 Qd1+ 33. Ka3 h4 34. Bxf7 Qxf3+ 35. Ka4 Qd1+ 36. Ka3 Qd4 37. Qc7 Be5 38. Qb7 Qxb2+ 39. Ka4 Qc2+ 40. Bb3+ Qc7 41. Qd5 h3 42. Qg8+ Kh6 43. Qf8+ Kg5 44. Qf3 h2 45. Bd5 Qc2+ 46. Ka5 Qc3 47. Qg2+ Qg3 48. Qe4 Kf6 49. Ka6 Qf2 50. Kb5 Qf1+ 51. Ka4 Qf4 52. Qg2 Bd6 53. a3 Be5 54. Qh3 Qf5 55. Qh4+ Qg5 56. Qh8+ Kf5 57. Qh3+ Kf6 58. Qh8+ Ke7 59. Qa8 Qg1 60. Qb7+ Kf6 61. Qf7+ Kg5 62. Qf3 Qg4 63. Qe3+ Qf4 64. Qxa7 Qd4 65. Qe7+ Bf6 66. Qb7 Qe3 67. Bh1 Kh6 68. Qg2 Be5 69. Qg4 1/2-1/2

[Event "Bihac-chT1"]
[Site "Bihac"]
[Date "2014.08.23"]
[Round "1"]
[White "Vajic, Goran"]
[Black "Nurkic, Sahbaz"]
[Result "1-0"]
[WhiteElo "2283"]
[BlackElo "2384"]
[PlyCount "69"]
[EventDate "2014.08.23"]
[EventType "swiss"]
[EventRounds "9"]
[EventCountry "BIH"]
[SourceTitle "EXT 2015"]
[Source "ChessBase"]
[SourceDate "2014.11.20"]
[SourceVersion "1"]
[SourceVersionDate "2014.11.20"]
[SourceQuality "1"]

1. e4 g6 2. d4 Bg7 3. Nc3 c6 4. Bf4 d6 5. Nf3 b5 6. a3 a6 7. Qd2 Bg4 8. Be2 Nd7 9. h3 Bxf3 10. Bxf3 Rc8 11. 0-0 Nb6 12. Be2 Nf6 13. Bh6 0-0 14. Bxg7 Kxg7 15. f4 c5 16. e5 dxe5 17. fxe5 Nfd7 18. Rad1 Qc7 19. Bg4 e6 20. d5 Nxe5 21. d6 Qc6 22. Qf4 Nbd7 23. Bf3 Nxf3+ 24. Rxf3 f5 25. h4 Qb6 26. h5 e5 27. h6+ Kh8 28. Qg5 Qd8 29. Qe7 Rg8 30. g4 Qxe7 31. dxe7 Nf6 32. g5 Ng4 33. Rfd3 e4 34. Nd5 Ne5 35. Nf6 1-0

[Event "BIH-chT 11th"]
[Site "Jahorina"]
[Date "2012.06.08"]
[Round "7.2"]
[White "Nurkic, Sahbaz"]
[Black "Brkic, Ante"]
[Result "0-1"]
[WhiteElo "2418"]
[BlackElo "2569"]
[PlyCount "76"]
[EventDate "2012.06.02"]
[EventType "team-tourn"]
[EventRounds "9"]
[EventCountry "BIH"]
[SourceTitle "CBM 148 Extra"]
[Source "ChessBase"]
[SourceDate "2012.06.22"]
[SourceVersion "1"]
[SourceVersionDate "2012.06.22"]
[SourceQuality "1"]
[WhiteTeam "Bihac"]
[BlackTeam "Siroki Brijeg"]
[WhiteTeamCountry "BIH"]
[BlackTeamCountry "BIH"]

1. e4 e5 2. Nf3 Nc6 3. Bb5 a6 4. Ba4 Nge7 5. c3 g6 6. d4 exd4 7. cxd4 b5 8. Bb3 Bg7 9. 0-0 0-0 10. Nc3 Na5 11. Bg5 h6 12. Bh4 Nxb3 13. Qxb3 g5 14. Bg3 d6 15. Rfe1 Kh8 16. e5 Nf5 17. h3 Bb7 18. Ne4 f6 19. Rad1 Nxg3 20. Nxg3 f5 21. Nh5 g4 22. hxg4 fxg4 23. Nh2 Qh4 24. Ng3 Rxf2 25. Kxf2 Qxh2 26. Re3 Qxg2+ 27. Ke1 Rf8 28. Re2 Qg1+ 29. Kd2 Qxd4+ 30. Kc1 Qf4+ 31. Kb1 Bf3 32. exd6 cxd6 33. Rg1 Bxe2 34. Nxe2 Qe4+ 35. Qc2 Qxc2+ 36. Kxc2 Rf2 37. Kd3 h5 38. Rh1 Rf3+ 0-1

[Event "BIH-chT 11th"]
[Site "Jahorina"]
[Date "2012.06.05"]
[Round "4.5"]
[White "Nurkic, Sahbaz"]
[Black "Pikula, Dejan"]
[Result "0-1"]
[WhiteElo "2418"]
[BlackElo "2507"]
[PlyCount "102"]
[EventDate "2012.06.02"]
[EventType "team-tourn"]
[EventRounds "9"]
[EventCountry "BIH"]
[SourceTitle "CBM 148 Extra"]
[Source "ChessBase"]
[SourceDate "2012.06.22"]
[SourceVersion "1"]
[SourceVersionDate "2012.06.22"]
[SourceQuality "1"]
[WhiteTeam "Bihac"]
[BlackTeam "Sarajevo Slavija"]
[WhiteTeamCountry "BIH"]
[BlackTeamCountry "BIH"]

1. e4 c6 2. d4 d5 3. Nc3 dxe4 4. Nxe4 Bf5 5. Ng3 Bg6 6. h4 h6 7. Nf3 Nd7 8. h5 Bh7 9. Bd3 Bxd3 10. Qxd3 Ngf6 11. Bd2 e6 12. 0-0-0 Be7 13. Kb1 0-0 14. Qe2 Nb6 15. Ne5 a5 16. f4 Na4 17. c3 Nd5 18. Ka1 Qc7 19. f5 f6 20. c4 fxe5 21. cxd5 exd4 22. Qxe6+ Rf7 23. Ne4 cxd5 24. Qxd5 Qc2 25. Rb1 Rd8 26. Qe6 Nc5 27. Nxc5 Qxc5 28. g4 d3 29. Rbc1 Qd5 30. Qxd5 Rxd5 31. Rc8+ Rf8 32. Rc7 Bf6 33. Rxb7 Rc8 34. Kb1 Rc2 35. Rd1 Kf8 36. Rb8+ Kf7 37. Rb7+ Ke8 38. Rb8+ Kd7 39. a4 Rc4 40. Rb7+ Kc6 41. Ra7 Rxg4 42. Rc1+ Kd6 43. Ra6+ Ke5 44. Rf1 Ke4 45. Re6+ Re5 46. Rd6 Rc5 47. Re1+ Kxf5 48. Rxd3 Rxa4 49. Rf3+ Kg4 50. Rf2 Kxh5 51. Bc3 Kg6 0-1

[Event "Stara Pazova op"]
[Site "Stara Pazova"]
[Date "2010.08.03"]
[Round "4"]
[White "Nurkic, Sahbaz"]
[Black "Sertic, Rudolf"]
[Result "1/2-1/2"]
[WhiteElo "2404"]
[BlackElo "2395"]
[PlyCount "29"]
[EventDate "2010.08.01"]
[EventType "swiss"]
[EventRounds "10"]
[EventCountry "YUG"]
[SourceTitle "CBM 137 Extra"]
[Source "ChessBase"]
[SourceDate "2010.09.01"]
[SourceVersion "1"]
[SourceVersionDate "2010.09.01"]
[SourceQuality "1"]

1. e4 c5 2. c3 d5 3. exd5 Qxd5 4. d4 e6 5. Nf3 Nf6 6. Bd3 Be7 7. 0-0 0-0 8. Re1 Rd8 9. Qe2 Nc6 10. Be3 b6 11. Nbd2 Bb7 12. Bc4 Qf5 13. Bd3 Qd5 14. Bc4 Qf5 15. Bd3 1/2-1/2

[Event "BIH-chT1"]
[Site "Tuzla"]
[Date "2010.07.21"]
[Round "5"]
[White "Nurkic, Sahbaz"]
[Black "Kadric, Denis"]
[Result "0-1"]
[WhiteElo "2404"]
[BlackElo "2263"]
[PlyCount "64"]
[EventDate "2010.07.18"]
[EventType "team-swiss"]
[EventRounds "9"]
[EventCountry "BIH"]
[SourceTitle "CBM 137 Extra"]
[Source "ChessBase"]
[SourceDate "2010.09.01"]
[SourceVersion "1"]
[SourceVersionDate "2010.09.01"]
[SourceQuality "1"]

1. e4 c5 2. Nf3 d6 3. Bb5+ Nd7 4. 0-0 a6 5. Bc4 Ngf6 6. Re1 e6 7. a4 b6 8. d4 cxd4 9. Nxd4 Qc7 10. Ba2 Ne5 11. Nc3 Be7 12. Bg5 0-0 13. Qe2 Bb7 14. f4 Qc5 15. fxe5 dxe5 16. Kh1 exd4 17. e5 dxc3 18. b4 Qxb4 19. exf6 Bxf6 20. Bxf6 gxf6 21. Qf2 Qe7 22. Re3 Kh8 23. Rxc3 Rg8 24. Rg1 Rg7 25. Bc4 Rc8 26. Qxb6 Qc7 27. Qf2 f5 28. Qd4 e5 29. Qh4 Qc6 30. Bxa6 Qxa6 31. Rxc8+ Bxc8 32. Rd1 Bb7 0-1

[Event "Apatin & Vukovar"]
[Site "Banja Junakovic/Vukovar"]
[Date "2010.03.19"]
[Round "9"]
[White "Nurkic, Sahbaz"]
[Black "Kostic, Vladimir G"]
[Result "1/2-1/2"]
[WhiteElo "2379"]
[BlackElo "2419"]
[PlyCount "28"]
[EventDate "2010.03.15"]
[EventType "tourn"]
[EventRounds "10"]
[EventCountry "YUG"]
[EventCategory "7"]
[SourceTitle "CBM 135 Extra"]
[Source "ChessBase"]
[SourceDate "2010.05.04"]
[SourceVersion "1"]
[SourceVersionDate "2010.05.04"]
[SourceQuality "1"]

1. e4 e5 2. Nf3 Nc6 3. Bb5 a6 4. Ba4 Nf6 5. 0-0 Nxe4 6. d4 b5 7. Bb3 d5 8. dxe5 Be6 9. c3 Be7 10. Be3 0-0 11. Nbd2 Nc5 12. Bc2 Qd7 13. Re1 Bf5 14. Bxf5 Qxf5 1/2-1/2

[Event "Tuzla op 16th"]
[Site "Tuzla"]
[Date "2009.12.27"]
[Round "6"]
[White "Avdic, Mirza"]
[Black "Nurkic, Sahbaz"]
[Result "0-1"]
[WhiteElo "2293"]
[BlackElo "2368"]
[PlyCount "96"]
[EventDate "2009.12.24"]
[EventType "swiss"]
[EventRounds "7"]
[EventCountry "BIH"]
[SourceTitle "EXT 2019"]
[Source "ChessBase"]
[SourceDate "2018.10.10"]
[SourceVersion "1"]
[SourceVersionDate "2018.10.10"]
[SourceQuality "1"]

1. Nf3 d5 2. b3 c5 3. e3 Nc6 4. Bb5 Bd7 5. 0-0 Nf6 6. Bb2 e6 7. Bxc6 Bxc6 8. Ne5 Bd6 9. Nxc6 bxc6 10. f4 0-0 11. Nc3 e5 12. Na4 exf4 13. exf4 Re8 14. Qf3 Rb8 15. Rae1 c4 16. Rxe8+ Nxe8 17. Re1 Bf8 18. Bd4 a6 19. d3 cxb3 20. axb3 Nd6 21. Bf2 Qa5 22. Re2 Nb5 23. Qg4 Nc3 24. Nxc3 Qxc3 25. Qd7 Qf6 26. g3 a5 27. Kg2 h6 28. Qa7 Qd8 29. Be1 Ra8 30. Qb7 c5 31. Re5 d4 32. Qb5 Kh7 33. Qb7 Kg8 34. Qe4 a4 35. bxa4 Rxa4 36. Re8 Qd6 37. Ra8 Rxa8 38. Qxa8 Qe6 39. Bf2 Qe2 40. Qa4 g6 41. Qc4 Kg7 42. Qb3 h5 43. h4 Qe8 44. Qd5 Qa4 45. f5 Qxc2 46. fxg6 fxg6 47. Qe5+ Kh7 48. Qe4 c4 0-1

[Event "Vojvodina-chT"]
[Site "Sombor"]
[Date "2009.09.30"]
[Round "6"]
[White "Nurkic, Sahbaz"]
[Black "Indjic, Dusan"]
[Result "1-0"]
[WhiteElo "2414"]
[BlackElo "2324"]
[PlyCount "89"]
[EventDate "2009.09.27"]
[EventType "team-swiss"]
[EventRounds "11"]
[EventCountry "YUG"]
[SourceTitle "EXT 2012"]
[Source "ChessBase"]
[SourceDate "2011.11.24"]
[SourceVersion "1"]
[SourceVersionDate "2011.11.24"]
[SourceQuality "1"]

1. e4 c5 2. Nf3 Nc6 3. Bb5 e6 4. 0-0 Nge7 5. c3 a6 6. Bxc6 Nxc6 7. d4 d5 8. exd5 Qxd5 9. Be3 cxd4 10. cxd4 Be7 11. Nc3 Qd8 12. Rc1 0-0 13. Qe2 Nb4 14. Ne5 f6 15. Nd3 Nxd3 16. Qxd3 Bd7 17. d5 Bb5 18. Nxb5 axb5 19. Qxb5 Qxd5 20. Qxd5 exd5 21. a3 Bd6 22. Bc5 Rad8 23. Bxd6 Rxd6 24. Rc7 Rf7 25. Rc8+ Rf8 26. Rfc1 Rd7 27. Kf1 Rxc8 28. Rxc8+ Kf7 29. Ke2 Ke6 30. Kd3 h5 31. Kd4 h4 32. a4 g5 33. b4 Kf5 34. Rc5 h3 35. gxh3 Rh7 36. Rxd5+ Ke6 37. Rb5 Rxh3 38. Rxb7 Rxh2 39. a5 Rxf2 40. a6 Ra2 41. b5 g4 42. a7 g3 43. Rg7 g2 44. b6 Ra6 45. Rxg2 1-0

[Event "Vojvodina-chT"]
[Site "Sombor"]
[Date "2009.09.29"]
[Round "4"]
[White "Nurkic, Sahbaz"]
[Black "Bogosavljevic, Boban"]
[Result "0-1"]
[WhiteElo "2414"]
[BlackElo "2528"]
[PlyCount "54"]
[EventDate "2009.09.27"]
[EventType "team-swiss"]
[EventRounds "11"]
[EventCountry "YUG"]
[SourceTitle "EXT 2012"]
[Source "ChessBase"]
[SourceDate "2011.11.24"]
[SourceVersion "1"]
[SourceVersionDate "2011.11.24"]
[SourceQuality "1"]

1. e4 e5 2. Nf3 d6 3. d4 exd4 4. Nxd4 Nf6 5. Nc3 Be7 6. Be2 0-0 7. 0-0 Re8 8. Re1 Nbd7 9. Bf1 Bf8 10. f3 c6 11. Be3 Qc7 12. a4 Ne5 13. Qd2 h6 14. h3 a6 15. Qf2 Bd7 16. a5 c5 17. Nb3 Be6 18. Nd2 d5 19. exd5 Nxd5 20. Nxd5 Bxd5 21. f4 Nd7 22. Nc4 Rad8 23. f5 Bxc4 24. Bxc4 Bd6 25. Bd2 Be5 26. c3 Nf6 27. Re3 Ne4 0-1

[Event "Vojvodina-chT"]
[Site "Sombor"]
[Date "2009.09.28"]
[Round "3"]
[White "Nurkic, Sahbaz"]
[Black "Roganovic, Milos"]
[Result "1/2-1/2"]
[WhiteElo "2414"]
[BlackElo "2474"]
[PlyCount "67"]
[EventDate "2009.09.27"]
[EventType "team-swiss"]
[EventRounds "11"]
[EventCountry "YUG"]
[SourceTitle "EXT 2012"]
[Source "ChessBase"]
[SourceDate "2011.11.24"]
[SourceVersion "1"]
[SourceVersionDate "2011.11.24"]
[SourceQuality "1"]

1. e4 c5 2. Nf3 Nc6 3. Bb5 g6 4. 0-0 Bg7 5. Re1 Nf6 6. Bxc6 bxc6 7. e5 Nd5 8. Nc3 0-0 9. h3 d6 10. exd6 exd6 11. Nxd5 cxd5 12. d4 Rb8 13. b3 Bf5 14. Be3 Qa5 15. Bf4 Rfd8 16. Bd2 Qc7 17. c3 a5 18. Rc1 c4 19. b4 Be4 20. a3 Ra8 21. Bg5 Re8 22. Nd2 Bd3 23. Qf3 Qc6 24. h4 axb4 25. axb4 Re6 26. Re3 Rxe3 27. Bxe3 h5 28. Qg3 Qd7 29. Bf4 Bf8 30. Nf1 Qe6 31. Ne3 Ra3 32. Qg5 Be4 33. Qd8 Qe7 34. Qb8 1/2-1/2

[Event "BIH-chT 8th"]
[Site "Banja Vrucica"]
[Date "2009.06.07"]
[Round "2"]
[White "Nurkic, Sahbaz"]
[Black "Terzic, Ilijas"]
[Result "1/2-1/2"]
[WhiteElo "2392"]
[BlackElo "2270"]
[PlyCount "26"]
[EventDate "2009.06.06"]
[EventType "team-tourn"]
[EventRounds "9"]
[EventCountry "BIH"]
[SourceTitle "EXT 2019"]
[Source "ChessBase"]
[SourceDate "2018.10.10"]
[SourceVersion "1"]
[SourceVersionDate "2018.10.10"]
[SourceQuality "1"]
[WhiteTeam "Tuzla Sloboda"]
[BlackTeam "Sarajevo Napredak"]
[WhiteTeamCountry "BIH"]
[BlackTeamCountry "BIH"]

1. e4 c5 2. Nf3 e6 3. c3 d5 4. e5 Nc6 5. d4 Bd7 6. Be2 f6 7. exf6 Nxf6 8. 0-0 Bd6 9. dxc5 Bxc5 10. c4 0-0 11. cxd5 exd5 12. Bg5 Bf5 13. Nc3 d4 1/2-1/2

[Event "Tuzla 15th"]
[Site "Tuzla"]
[Date "2008.11.27"]
[Round "9"]
[White "Mrkonjic, Nenad"]
[Black "Nurkic, Sahbaz"]
[Result "1/2-1/2"]
[WhiteElo "2364"]
[BlackElo "2408"]
[PlyCount "53"]
[EventDate "2008.11.21"]
[EventType "tourn"]
[EventRounds "9"]
[EventCountry "BIH"]
[EventCategory "2"]
[SourceTitle "CBM 127 Extra"]
[Source "ChessBase"]
[SourceDate "2009.01.08"]
[SourceVersion "2"]
[SourceVersionDate "2009.01.28"]
[SourceQuality "1"]

1. d4 Nf6 2. Nf3 g6 3. c3 Bg7 4. h3 0-0 5. Bf4 d6 6. e3 b6 7. Be2 Bb7 8. 0-0 Nbd7 9. a4 a6 10. Nbd2 c5 11. Qb3 Qc7 12. Rfc1 Bc6 13. Qd1 Qb7 14. Ne1 e5 15. Bg3 Ne4 16. Nxe4 Bxe4 17. b4 cxd4 18. cxd4 exd4 19. exd4 Qd5 20. Rc7 Rfd8 21. Bc4 Qxd4 22. Qxd4 Bxd4 23. Rd1 Bc3 24. Rxd6 Ne5 25. Rxd8+ Rxd8 26. Bxf7+ Nxf7 27. Rxc3 1/2-1/2